Online
Catalog

Correspondance generale de J.-J. Rousseau / (Record no. 1556)

MARC details
000 -CABECERA
campo de control de longitud fija 00810cam a2200217 a 4500
001 - NÚMERO DE CONTROL
campo de control 000001675
005 - FECHA Y HORA DE LA ÚLTIMA TRANSACCIÓN
campo de control 20200929145646.0
008 - DATOS DE LONGITUD FIJA--INFORMACIÓN GENERAL
campo de control de longitud fija 760204s1928 fr 000 0bfre d
040 ## - FUENTE DE LA CATALOGACIÓN
Centro catalogador/agencia de origen DO-SdBNP
Lengua de catalogación spa
Centro/agencia transcriptor BNPHU
082 ## - NÚMERO DE LA CLASIFICACIÓN DECIMAL DEWEY
Número de clasificación nn*
Número de documento/Ítem R864
245 00 - MENCIÓN DE TÍTULO
Título Correspondance generale de J.-J. Rousseau /
Mención de responsabilidad, etc. [compilador] Theophile Dufour.
260 ## - PUBLICACIÓN, DISTRIBUCIÓN, ETC.
Lugar de publicación, distribución, etc. Paris :
Nombre del editor, distribuidor, etc. Libraire Armand Colin,
Fecha de publicación, distribución, etc. 1928.
300 ## - DESCRIPCIÓN FÍSICA
Extensión v. ;
Dimensiones 23 cm.
490 1# - MENCIÓN DE SERIE
Mención de serie Vitam Impendere Vero
505 0# - NOTA DE CONTENIDO CON FORMATO
Información miscelánea v. 10.
Título Suite du séjour à môtiers, juin 1763-mars 1764.
500 ## - NOTA GENERAL
Nota general "Obra publicada con la ayuda de la Fundación Instituto de Francia (Debrousse y Gas)".
700 1# - PUNTO DE ACCESO ADICIONAL--NOMBRE DE PERSONA
Nombre de persona Rousseau, Jean-Jacques,
Fechas asociadas al nombre 1712-1778.
9 (RLIN) 5447
700 1# - PUNTO DE ACCESO ADICIONAL--NOMBRE DE PERSONA
Nombre de persona Dufour, Theophile,
Fechas asociadas al nombre 1844-1922
9 (RLIN) 5448
700 1# - PUNTO DE ACCESO ADICIONAL--NOMBRE DE PERSONA
Nombre de persona Plan, Pierre Paul,
Término indicativo de función/relación ed.
9 (RLIN) 5449
830 #0 - PUNTO DE ACCESO ADICIONAL DE SERIE-TÍTULO UNIFORME
Título uniforme Vitam Impendere Vero
9 (RLIN) 5450
Holdings
Estado de retiro Estado de pérdida Restricciones de uso No para préstamo Código de colección Localización permanente Ubicación/localización actual Ubicación en estantería Fecha de adquisición Número de inventario Total de préstamos Signatura topográfica completa Código de barras Fecha visto por última vez Precio válido a partir de Tipo de ítem Koha
        Monografías: Libros y Folletos General General Depósito 22.09.2009 LF1   v.10 1675-10 25.06.2020 25.06.2020 Préstamo en sala

Powered by Koha